Statistics for Countries of Africa by Area

Click here to take the quiz!

General Stats

  • This quiz has been taken 46 times
  • The average score is 47 of 54

Answer Stats

area rankcountry% Correct
1Algeria
100%
2Dem Rep Congo
100%
5Chad
97%
27Congo
97%
9South Africa
97%
3Sudan
97%
21Central African
Republic
94%
12Egypt
94%
10Ethiopia
94%
4Libya
94%
15Namibia
94%
19South Sudan
94%
13Tanzania
94%
7Angola
91%
8Mali
91%
18Morocco
91%
6Niger
91%
17Zambia
91%
47Djibouti
89%
31Guinea
89%
42Guinea-Bissau
89%
22Madagascar
89%
11Mauritania
89%
46Rwanda
89%
33Uganda
89%
26Zimbabwe
89%
28Côte d'Ivoire
86%
44Equatorial Guinea
86%
37Eritrea
86%
48Eswatini
86%
32Ghana
86%
43Lesotho
86%
16Mozambique
86%
14Nigeria
86%
20Somalia
86%
23Botswana
83%
45Burundi
83%
50Cabo Verde
83%
51Comoros
83%
30Gabon
83%
49Gambia
83%
39Liberia
83%
54Seychelles
83%
41Togo
83%
35Tunisia
83%
38Benin
80%
25Cameroon
80%
24Kenya
80%
53São Tomé and
Príncipe
80%
34Senegal
77%
29Burkina Faso
74%
52Mauritius
74%
36Malawi
71%
40Sierra Leone
71%

Score Distribution

Percentile by Number Answered

Percent of People with Each Score

Your Score History

You have not taken this quiz